| 000 -LEADER |
| fixed length control field |
00554cam a2200205 i 4500 |
| 003 - CONTROL NUMBER IDENTIFIER |
| control field |
OSt |
| 005 - DATE AND TIME OF LATEST TRANSACTION |
| control field |
20240117120604.0 |
| 008 - FIXED-LENGTH DATA ELEMENTS--GENERAL INFORMATION |
| fixed length control field |
141009s2015 cau 001 0 eng |
| 020 ## - INTERNATIONAL STANDARD BOOK NUMBER |
| International Standard Book Number |
9781452131672 |
| 042 ## - AUTHENTICATION CODE |
| Authentication code |
pcc |
| 082 00 - DEWEY DECIMAL CLASSIFICATION NUMBER |
| Classification number |
616.89 |
| Edition number |
23 |
| Item number |
BLU |
| 100 1# - MAIN ENTRY--PERSONAL NAME |
| Personal name |
Blumenthal, Brett. |
| 245 10 - TITLE STATEMENT |
| Title |
52 small changes for the mind / |
| Statement of responsibility, etc |
Brett Blumenthal. |
| 246 3# - VARYING FORM OF TITLE |
| Title proper/short title |
Fifty-two small changes for the mind |
| 300 ## - PHYSICAL DESCRIPTION |
| Extent |
320 pages ; |
| Dimensions |
21 cm |
| 650 #0 - SUBJECT ADDED ENTRY--TOPICAL TERM |
| Topical term or geographic name as entry element |
Mental health |
| Form subdivision |
Popular works. |
| 650 #0 - SUBJECT ADDED ENTRY--TOPICAL TERM |
| Topical term or geographic name as entry element |
Stress management. |
| 650 #0 - SUBJECT ADDED ENTRY--TOPICAL TERM |
| Topical term or geographic name as entry element |
Well-being. |
| 942 ## - ADDED ENTRY ELEMENTS (KOHA) |
| Source of classification or shelving scheme |
|